Robo Kazík. Srdce Ti napovie 4

Bibliographic Details
Corporate Authors: Trend (vokálna skupina) (roz), RK Band vokálna skupina (roz)
Other Authors: Zajáček, Pavel, 1951- (ara, uci), Čunderlík, Robert (ara, uci), Kazík, Róbert, 1947-2021 (roz), Vana, Jirko, 1955- (uci), Paprčka, Robert (uci), Danko, Pavel (fot)
Format: Book
Language:Slovak
PhysicalDescription:1 magnetofónová kazeta (40 min. 4 sek.) stereo
Published: Banská Bystrica RK CENTRUM UNIVERSA 1997
Subjects:

MARC

LEADER 00000nam a2200000 a 4500
001 vtls001359743
003 SK-MaSNL
005 20260301010634.0
008 130606s1997 xo 0 slo
015 |a SNBJ1999/01-00490 
035 |a SNK000313282 
040 |a SNK  |b slo  |c SNK  |e AACR2 
044 |a xo  |c SK 
080 |a 784.66:785.1(086.7)  |2 1981 
245 1 |a Robo Kazík. Srdce Ti napovie  |h zvukový dokument  |n 4 
260 |a Banská Bystrica  |b RK CENTRUM UNIVERSA  |c 1997 
300 |a 1 magnetofónová kazeta (40 min. 4 sek.)  |b stereo 
500 |a Fotograf Pavel Danko 
505 0 |a Obsahuje 12 piesní 
508 |a Aranžmán Pavel Zajáček, Robert Čunderlík 
511 |a Spieva Robo Kazík 
511 |a Hrajú Jirko Vana, Robert Paprčka, Pavel Zajáček, Robert Čunderlík 
511 |a Spoluúčinkujú vokálne skupiny Trend, RK Band 
650 0 7 |a populárna hudba  |x kazety magnetofónové  |2 SNK  |9 283658 
655 7 |a magnetofónové kazety  |2 SNK  |9 70693 
700 1 |a Zajáček, Pavel,  |d 1951-  |4 ara  |4 uci  |9 13684 
700 1 |a Čunderlík, Robert  |4 ara  |4 uci  |9 64854 
700 1 |a Kazík, Róbert,  |d 1947-2021  |4 roz  |9 202834 
700 1 |a Vana, Jirko,  |d 1955-  |4 uci  |9 62934 
700 1 |a Paprčka, Robert  |4 uci  |9 292767 
700 1 |a Danko, Pavel  |4 fot  |9 292768 
710 0 |a Trend (vokálna skupina)  |4 roz  |9 284190 
710 0 |a RK Band vokálna skupina  |4 roz  |9 35604 
999 |c 548694  |d 550624 
952 |t P60, <03>, [BOOK], {603}  |a SNK  |b SNK  |y PREZ  |7 0  |p 17A0185978  |o snkK 2142/4  |i snkJK 150/99  |0 0  |1 0  |4 0  |d 1999-04-09  |l 0  |r 2005-01-02 00:00:00  |w 2026-02-23